[Event "AUTO-OPEN-4506"]
[Site "http://www.queenalice.com/game.php?id=1830663"]
[Date "2024.2.1"]
[Round "1"]
[White "digger"]
[Black "josebaron"]
[Result "0-1"]
[WhiteElo "1690"]
[BlackElo "2194"]

1. d4 d5 2. e3 Nf6 3. Nf3 Bg4 4. Be2 Bxf3 5. Bxf3 e6 6. O-O Be7 7. Bd2 O-O 8.
Bc3 Nc6 9. Qd2 a5 10. a3 a4 11. b4 axb3 12. cxb3 Ne4 13. Bxe4 dxe4 14. a4 Qd5
15. Qc2 f5 16. Rd1 Rf6 17. Qb2 f4 18. Re1 f3 19. g3 Qf5 20. Kh1 Qh3 21. Nd2 Qg2#
0-1

[Event "AUTO-OPEN-4506"]
[Site "http://www.queenalice.com/game.php?id=1830680"]
[Date "2024.2.1"]
[Round "1"]
[White "Carlos19"]
[Black "digger"]
[Result "1-0"]
[WhiteElo "1529"]
[BlackElo "1719"]

1. e4 e5 2. Nf3 Nc6 3. Bc4 Qf6 4. a3 Bc5 5. O-O Nge7 6. Nc3 Na5 7. Ba2 O-O 8. b4
Bxb4 9. axb4 Nac6 10. Nd5 Nxd5 11. Bxd5 Nxb4 12. Ba3 c5 13. c3 Na6 14. h3 Nc7
15. Bxc5 d6 16. Ba3 Nb5 17. Bb4 a5 18. Rxa5 Bd7 19. Bxb7 Rab8 20. Bd5 Rfd8 21.
h4 h6 22. Ra6 Be8 23. Re1 Kh7 24. Ba5 Rdc8 25. Re3 Qe7 26. Rb6 Rxb6 27. Bxb6 Rb8
28. Ba5 f6 29. c4 Na7 30. Rb3 Rxb3 31. Qxb3 h5 32. Qb7 Qxb7 33. Bxb7 Bf7 34. d3
Kh6 35. Bc7 Kg6 36. Bxd6 Be6 37. c5 Kf7 38. Bb8 Nb5 39. Nd2 g5 40. g3 Kg6 41.
Nc4 Nd4 42. Nb6 gxh4 43. gxh4 Nf3+ 44. Kf1 Nxh4 45. c6 Kg5 46. Nd7 Ng6 47. Ba6
Ne7 48. Bb7 h4 49. Nc5 Bc8 50. Nd7 Bxb7 51. cxb7 Nc6 52. Bc7 h3 53. Kg1 Kg4 54.
Nxf6+ Kg5 55. Nd5 Kg4 56. Bxe5 Kh4 57. Bg3+ Kg4 58. Ne7 Kf3 59. Nxc6 Kg4 60.
b8=Q Kf3 61. Nd4+ Kg4 62. Qc8+ Kg5 63. Qf5+ Kh6 64. Bf4+ Kg7 65. Ne6+ Kg8 66.
Qg6+ Kh8 67. Be5# 1-0

[Event "AUTO-OPEN-4506"]
[Site "http://www.queenalice.com/game.php?id=1830681"]
[Date "2024.2.1"]
[Round "1"]
[White "digger"]
[Black "Carlos19"]
[Result "1-0"]
[WhiteElo "1709"]
[BlackElo "1560"]

1. e4 e5 2. Nc3 Nf6 3. d3 Nc6 4. Nf3 h6 5. Be2 Bb4 6. Bd2 a6 7. O-O d6 8. a3
Bxc3 9. Bxc3 O-O 10. b3 b5 11. b4 Bb7 12. Nh4 Nd4 13. Bf3 Nxf3+ 14. Nxf3 Re8 15.
a4 c6 16. a5 d5 17. Qe2 d4 18. Bd2 Bc8 19. c3 Bg4 20. h3 dxc3 21. Bxc3 Bxf3 22.
Qxf3 Rc8 23. Rad1 Qe7 24. Qe3 c5 25. bxc5 Rxc5 26. Bb4 Nd7 27. d4 exd4 28. Qxd4
Qe5 29. Bxc5 Nxc5 30. Qxe5 Rxe5 31. Rd8+ Kh7 32. f3 Nb3 33. Rd6 Nc5 34. Rc6 f5
35. Rc1 Nd3 36. R1c3 fxe4 37. fxe4 Nb4 38. Rc8 Rxe4 39. Kf2 Rf4+ 40. Kg3 Nd5 41.
Rd3 Ne7 42. Rc7 Ng6 43. Rdd7 h5 44. Rxg7+ Kh6 45. Rh7+ Kg5 46. Rc5+ Rf5 47.
Rxf5+ Kxf5 48. Rxh5+ Kf6 49. Rc5 Ne5 50. Rc1 Nd3 51. Rf1+ Ke5 52. Kf3 Nf4 53.
Re1+ Kf5 54. g4+ Kg5 55. Kg3 Nd3 56. Re3 Nb2 57. Re6 b4 58. Rxa6 Nd3 59. Rb6 Nc1
60. Rxb4 Nd3 61. Rb5+ Kf6 62. a6 Ne5 63. a7 1-0

[Event "Let's Play 735"]
[Site "http://www.queenalice.com/game.php?id=1832853"]
[Date "2024.3.6"]
[Round "-"]
[White "digger"]
[Black "alterego"]
[Result "0-1"]
[WhiteElo "1708"]
[BlackElo "1580"]

1. d4 g6 2. e4 Bg7 3. Bc4 e6 4. c3 a6 5. Qf3 d5 6. exd5 exd5 7. Bxd5 Be6 8. Bxb7
Ra7 9. Be3 Nf6 10. d5 Nxd5 11. Bxa7 Nd7 12. Bc6 O-O 13. Bxd5 Ne5 14. Qe4 Bxd5
15. Qe3 Nc4 16. Qe2 Re8 17. Be3 Bxg2 18. f3 Bxh1 19. Qxc4 Rxe3+ 20. Kf2 Bh6 21.
b4 Qd1 22. Ne2 Rxf3# 0-1

[Event "Let's Play 736"]
[Site "http://www.queenalice.com/game.php?id=1832854"]
[Date "2024.3.6"]
[Round "-"]
[White "alterego"]
[Black "digger"]
[Result "1-0"]
[WhiteElo "1570"]
[BlackElo "1650"]

1. d4 d5 2. g3 Nf6 3. Bg2 c6 4. a3 Bf5 5. Nf3 Be4 6. O-O Qd6 7. Nbd2 Bf5 8. b4
Nbd7 9. c4 e6 10. c5 Qc7 11. Ng5 Be7 12. Ndf3 h6 13. Nxf7 Kxf7 14. Bf4 Qc8 15.
Qd2 b6 16. Ne5+ Nxe5 17. Bxe5 Ng4 18. Qf4 Kg8 19. Bh3 Bg5 20. Qf3 Nxe5 21. Qg2
Ng4 22. f4 Ne3 23. Qf3 Nxf1 24. Bxf1 Bf6 25. Rc1 b5 26. e3 a5 27. g4 Be4 28. Qh3
g5 29. Qh5 Bg7 30. fxg5 hxg5 31. Qxg5 Rh6 32. Be2 Rg6 33. Qe7 Bf6 34. Qd6 Bg5
35. Rf1 Bh6 36. h4 Qe8 37. g5 Bg7 38. Bh5 Rd8 39. Qc7 Rc8 40. Qxa5 Ra8 41. Qb6
Rxa3 42. Bxg6 Qxg6 43. Qb8+ Kh7 44. Qc7 Rxe3 45. Qf4 Re2 46. Qg4 Bd3 47. h5 Qe4
48. g6+ Kg8 49. Qg5 Re1 50. Qd8+ Bf8 51. Qxf8# 1-0

[Event "Let's Play 738"]
[Site "http://www.queenalice.com/game.php?id=1832856"]
[Date "2024.3.6"]
[Round "-"]
[White "MePa"]
[Black "digger"]
[Result "1-0"]
[WhiteElo "1767"]
[BlackElo "1662"]

1. e4 e5 2. Nf3 d6 3. d4 exd4 4. Nxd4 Qe7 5. Nc3 Nf6 6. Bd3 d5 7. Qe2 c6 8. Bg5
h6 9. Bxf6 Qxf6 10. exd5+ Be7 11. Nf3 O-O 12. O-O c5 13. Rab1 a6 14. Ne4 Qb6 15.
Rfd1 f5 16. Nc3 Bd6 17. b3 g6 18. Qd2 g5 19. Ne2 Qd8 20. c4 f4 21. Re1 Bg4 22.
Qc2 Bh5 23. Nc3 Rf7 24. Re6 Kg7 25. Rbe1 Re7 26. Rxe7+ Bxe7 27. Ne5 Nd7 28. Nxd7
Qxd7 29. Re6 Re8 30. Bg6 Bxg6 31. Qxg6+ Kf8 32. Qxh6+ Kg8 33. Rg6+ Kf7 34. Qg7#
1-0

[Event "Let's Play 741"]
[Site "http://www.queenalice.com/game.php?id=1833603"]
[Date "2024.3.19"]
[Round "-"]
[White "digger"]
[Black "alterego"]
[Result "0-1"]
[WhiteElo "1629"]
[BlackElo "1627"]

1. Nf3 g6 2. e4 Bg7 3. d4 a6 4. Bc4 e6 5. O-O Ne7 6. Bd3 b5 7. Bd2 Nbc6 8. Bc3
Bb7 9. e5 O-O 10. Be4 Nd5 11. Bd2 f5 12. Bxd5 exd5 13. c3 Ne7 14. Bg5 d6 15.
exd6 Qxd6 16. Re1 Rae8 17. a3 c5 18. b4 c4 19. h3 Kh8 20. Ne5 Nc6 21. Nxc6 Rxe1+
22. Qxe1 Bxc6 23. Nd2 Re8 24. Qd1 h6 25. Bh4 Re6 26. Ra2 Be8 27. Nf3 g5 28. Bg3
f4 29. Bh2 Bh5 30. g4 Bg6 31. Re2 Rxe2 32. Qxe2 Bd3 33. Qe8+ Kh7 34. h4 Bg6 35.
Qe2 Qd7 36. Ne5 Bxe5 37. dxe5 Bd3 38. Qe1 Qxg4+ 39. Kh1 Be4+ 40. Qxe4+ dxe4 0-1

[Event "Let's Play 744"]
[Site "http://www.queenalice.com/game.php?id=1833606"]
[Date "2024.3.25"]
[Round "-"]
[White "Piondanslevent"]
[Black "digger"]
[Result "0-1"]
[WhiteElo "1669"]
[BlackElo "1628"]

1. c4 e5 2. e4 d6 3. Nf3 Bg4 4. Be2 Nf6 5. d3 Nc6 6. a4 a5 7. O-O Bxf3 8. Bxf3
Nd4 9. b3 Be7 10. Nd2 O-O 11. Bb2 Nc6 12. Qc2 b6 13. Qc3 Qb8 14. Rfd1 Nd4 15. b4
g5 16. bxa5 bxa5 17. Rdb1 Qa7 18. Bd1 g4 19. Kh1 Rab8 20. Bc1 Rxb1 21. Rxb1 Rb8
22. Nb3 Nxb3 23. Kg1 Nc5 24. h3 Rxb1 25. Bxg4 h5 26. Qc2 Qb6 27. Bf5 h4 28. Kh2
Rb3 29. Bg5 Nxd3 30. Bxh4 Kf8 31. g4 Ne1 32. Qd1 Nf3+ 33. Kg3 Nxh4+ 34. Kh2
Qxf2+ 0-1

[Event "Let's Play 749"]
[Site "http://www.queenalice.com/game.php?id=1834058"]
[Date "2024.3.25"]
[Round "-"]
[White "digger"]
[Black "Piondanslevent"]
[Result "1-0"]
[WhiteElo "1609"]
[BlackElo "1688"]

1. Nc3 e5 2. e4 c6 3. Bc4 b5 4. Bb3 b4 5. Na4 c5 6. Bc4 Nf6 7. Qf3 Be7 8. g4 O-O
9. Ne2 Bb7 10. d3 a5 11. g5 d5 12. gxf6 dxe4 13. dxe4 Bxf6 14. Nxc5 Bc6 15. Bd2
Qd6 16. Nd3 Bb7 17. b3 Nc6 18. Ng3 Nd4 19. Qd1 Rac8 20. O-O Qc6 21. Nb2 Bh4 22.
Qg4 Bxg3 23. Qxg3 Qxe4 24. Bd3 Ne2+ 25. Bxe2 Qxe2 26. Nc4 Rxc4 27. bxc4 e4 28.
Be3 Qxc4 29. Rfc1 Rd8 30. Bh6 g6 31. Qe5 f6 32. Qxf6 Rd7 33. Qe5 Qc6 34. Qe8#
1-0

[Event "AUTO-INT-3859"]
[Site "http://www.queenalice.com/game.php?id=1834776"]
[Date "2024.4.8"]
[Round "2"]
[White "digger"]
[Black "carlitomontana93270"]
[Result "0-1"]
[WhiteElo "1613"]
[BlackElo "1870"]

1. d4 d6 2. d5 g6 3. e4 Bg7 4. Nf3 Nf6 5. Nc3 O-O 6. Bc4 c6 7. O-O Bg4 8. Be2
cxd5 9. exd5 Nbd7 10. Nd4 Bxe2 11. Qxe2 Ne5 12. f4 Ned7 13. f5 Nc5 14. Re1 Re8
15. Nf3 b6 16. Nd4 Nh5 17. fxg6 fxg6 18. Nc6 Qd7 19. Bg5 e5 20. Ne4 Nf4 21. Bxf4
exf4 22. c3 Nxe4 23. Qf3 Qf5 24. Rad1 Ng5 25. Qf2 f3 26. Ne7+ Rxe7 27. Rxe7 Be5
28. g3 Nh3+ 29. Kf1 Qd3+ 30. Ke1 Qe4+ 31. Kf1 Nxf2 32. Re1 Qc2 33. a3 Nh3 34.
Rc7 Qg2# 0-1

[Event "AUTO-INT-3859"]
[Site "http://www.queenalice.com/game.php?id=1834777"]
[Date "2024.4.8"]
[Round "2"]
[White "carlitomontana93270"]
[Black "digger"]
[Result "1-0"]
[WhiteElo "1807"]
[BlackElo "1652"]

1. c4 e5 2. d3 d5 3. cxd5 Qxd5 4. Nc3 Qc6 5. e4 Nf6 6. g3 Bc5 7. Bg2 O-O 8. Nf3
Re8 9. O-O a5 10. b3 Bb4 11. Bb2 Bxc3 12. Rc1 Rd8 13. Rxc3 Qd7 14. Qc1 c6 15.
Rc5 Re8 16. Nxe5 Qe6 17. Nf3 Nfd7 18. Qc3 Ra6 19. Qxg7# 1-0

[Event "AUTO-INT-3859"]
[Site "http://www.queenalice.com/game.php?id=1834778"]
[Date "2024.4.8"]
[Round "2"]
[White "digger"]
[Black "avieytoa"]
[Result "0-1"]
[WhiteElo "1565"]
[BlackElo "1845"]

1. d4 d5 2. e3 Nc6 3. Bb5 Bd7 4. Nf3 Nf6 5. O-O h6 6. Re1 a6 7. Bxc6 Bxc6 8. Ne5
e6 9. Nxc6 bxc6 10. Bd2 Rb8 11. b3 c5 12. Bc3 cxd4 13. Bxd4 Bb4 14. c3 Ba5 15.
Qd3 Qd6 16. Nd2 O-O 17. a3 Bb6 18. b4 Bxd4 19. exd4 Ng4 20. g3 f5 21. f3 Nf6 22.
Re2 Ra8 23. Rae1 Rfe8 24. Nb1 a5 25. b5 a4 26. Re5 g6 27. Qe2 Kf7 28. Kg2 h5 29.
h4 Nd7 30. Re3 Nb6 31. Qa2 Nc4 32. R3e2 Qb6 33. Rb2 Nxb2 34. Qxb2 Ra5 35. c4
dxc4 36. Re5 c6 37. Rc5 Rxb5 38. Rxb5 Qxb5 39. Qc2 Rb8 40. Nd2 Qb2 41. Qd1 c3
0-1